Diplomatic Practice : (Record no. 13520)
[ view plain ]
| 000 -LEADER | |
|---|---|
| fixed length control field | 00848cam a22002651 4500 |
| 001 - CONTROL NUMBER | |
| control field | 315460 |
| 005 - DATE AND TIME OF LATEST TRANSACTION | |
| control field | 20160828152026.0 |
| 008 - FIXED-LENGTH DATA ELEMENTS--GENERAL INFORMATION | |
| fixed length control field | 700302t2010 si frb 001 0 eng d |
| 020 ## - INTERNATIONAL STANDARD BOOK NUMBER | |
| International Standard Book Number | 9789814271240 |
| 020 ## - INTERNATIONAL STANDARD BOOK NUMBER | |
| International Standard Book Number | 9814271241 |
| 040 ## - CATALOGING SOURCE | |
| Original cataloging agency | DLC |
| Transcribing agency | DLC |
| Modifying agency | DLC |
| 041 0# - LANGUAGE CODE | |
| Language code of text/sound track or separate title | engrus |
| 082 04 - DEWEY DECIMAL CLASSIFICATION NUMBER | |
| Classification number | 327.2 |
| Edition number | 22 |
| Item number | KLE |
| 100 ## - MAIN ENTRY--PERSONAL NAME | |
| Personal name | Kleiner, Juergen. |
| 9 (RLIN) | 11947 |
| 245 10 - TITLE STATEMENT | |
| Title | Diplomatic Practice : |
| Remainder of title | between Tradition and Innovation / |
| Statement of responsibility, etc | Juergen Kleiner. |
| 260 ## - PUBLICATION, DISTRIBUTION, ETC. (IMPRINT) | |
| Place of publication, distribution, etc | Singapore ; |
| -- | Hackensack, United States ; |
| -- | London : |
| Name of publisher, distributor, etc | World Scientefic, |
| Date of publication, distribution, etc | c.2010 |
| Manufacturer | (World Scientific) |
| 300 ## - PHYSICAL DESCRIPTION | |
| Extent | xiv, 480 p. ; |
| Dimensions | 24 cm. |
| 500 ## - GENERAL NOTE | |
| General note | Includes indexes. |
| 504 ## - BIBLIOGRAPHY, ETC. NOTE | |
| Bibliography, etc | Bibliography : p. 387-392. |
| 504 ## - BIBLIOGRAPHY, ETC. NOTE | |
| Bibliography, etc | Includes bibliographical references. |
| 653 ## - INDEX TERM--UNCONTROLLED | |
| Resource For college | BAEPS, Political Science |
| Arrived date list | March2014 |
| 655 ## - INDEX TERM--GENRE/FORM | |
| Form subdivision | |
| -- | 33728 |
| 650 #0 - SUBJECT ADDED ENTRY--TOPICAL TERM | |
| 9 (RLIN) | 11948 |
| Topical term or geographic name as entry element | Diplomacy |
| 942 ## - ADDED ENTRY ELEMENTS (KOHA) | |
| Source of classification or shelving scheme | Dewey Decimal Classification |
| Item type | Book - Borrowing |
| Call number prefix | 327.2 KLE |
| Withdrawn status | Item status | Source of classification or shelving scheme | Damaged status | Not for loan | Vendor | Home library | Current library | Shelving location | Date acquired | Source of acquisition | Cost, normal purchase price | Serial Enumeration / chronology | Total Checkouts | Total Renewals | Full call number | Barcode | Date last seen | Date last borrowed | Koha item type | Cost, replacement price |
|---|---|---|---|---|---|---|---|---|---|---|---|---|---|---|---|---|---|---|---|---|
| Lost and Paid For | Dewey Decimal Classification | MERIC | Central Library | Central Library | First floor | 28/02/2010 | Purchase | 554.80 | 10029 | 4 | 3 | 327.2 KLE | 000019861 | 16/12/2013 | 16/12/2013 | Book - Borrowing | ||||
| Dewey Decimal Classification | Baccah | Central Library | Central Library | First floor | 30/03/2014 | 420.00 | 327.2 KLE | 000035838 | 15/07/2025 | NB - Book (Non borrowing) | 525.00 | |||||||||
| Dewey Decimal Classification | Baccah | Central Library | Central Library | First floor | 30/03/2014 | 420.00 | 7 | 18 | 327.2 KLE | 000035839 | 15/07/2025 | 10/10/2023 | Book - Borrowing | 525.00 |